Simulation and software radio for mobile communications (Record no. 4705)

000 -LEADER
fixed length control field 00733 a2200181 4500
020 ## - INTERNATIONAL STANDARD BOOK NUMBER
International Standard Book Number 1580530443
040 ## - CATALOGING SOURCE
Original cataloging agency DLC
Language of cataloging DLC
100 1# - MAIN ENTRY--PERSONAL NAME
Personal name Harada, Hiroshi,
245 10 - TITLE STATEMENT
Title Simulation and software radio for mobile communications
Statement of responsibility, etc. Hiroshi Harada, Ramjee Prasad.
260 ## - PUBLICATION, DISTRIBUTION, ETC.
Place of publication, distribution, etc. Boston :
Name of publisher, distributor, etc. Artech House,
Date of publication, distribution, etc. 2002.
300 ## - PHYSICAL DESCRIPTION
Extent xx, 467 p. +
Accompanying material 1 computer optical disk (4 3/4 in.)
440 #0 - SERIES STATEMENT/ADDED ENTRY--TITLE
Title Artech House universal personal communications series.
538 ## - SYSTEM DETAILS NOTE
System details note Systems requirements for accompanying CD-ROM: Windows 95,98 and Macintosh 7.5 or later.
650 #0 - SUBJECT ADDED ENTRY--TOPICAL TERM
Topical term or geographic name entry element Wireless communication systems
General subdivision Computer simulation.
650 #0 - SUBJECT ADDED ENTRY--TOPICAL TERM
Topical term or geographic name entry element Cellular telephone systems
General subdivision Computer simulation.
700 1# - ADDED ENTRY--PERSONAL NAME
Personal name Prasad, Ramjee.
942 ## - ADDED ENTRY ELEMENTS (KOHA)
Koha item type Book
Call number prefix 621.38456 HAR
Source of classification or shelving scheme
Holdings
Withdrawn status Lost status Damaged status Not for loan Collection code Permanent Location Current Location Shelving location Date acquired Source of acquisition Cost, normal purchase price Total Checkouts Total Renewals Full call number Barcode Date last seen Date last checked out Price effective from Koha item type
          Central Library (CL) Central Library (CL) General Stacks 01/14/2005 Allied Book Company 8604.72 1 1 621.38456 HAR SEECS005248 10/10/2015 08/16/2015 01/05/2017 Book
          Central Library (CL) Central Library (CL) General Stacks 05/19/2009 Star Books 8358.77     621.38456 HAR SEECS009469 11/14/2012   01/05/2017 Book
© 2023 Central Library, National University of Sciences and Technology. All Rights Reserved.